000 01930cam a2200541 i 4500
001 2319
003 KOSZ 005
005 20250723104324.0
008 250723s1984 pl a f 001 0 pol
015 _aUWD 1984/4203
020 _a8320405351
_q(oprawa miękka)
035 _a991009669129705066
035 _a(PL-WaBN)b1261371x-48omnis_nlop
035 _ab1261371x
035 _a(OCoLC)830241003
035 _axx001150212
035 _a(PL)b0000001261371
035 _a(EXLNZ-48OMNIS_NETWORK)9910138041605606
040 _aWA N
_cWA N
_dKOSZ 005/RW
046 _k1966
080 _a539.3/.6
080 _a620.1
080 _a(075.8)
245 0 0 _aWytrzymałość materiałów /
_cAntoni Jakubowicz, Zbigniew Orłoś.
250 _aWydanie szóste zmienione.
260 _aWarszawa :
_bWydawnictwa Naukowo-Techniczne,
_c1984.
300 _a636, [1] stron :
_bilustracje, errata ;
_c24 cm.
336 _aTekst
_btxt
_2rdacontent
337 _aBez urządzenia pośredniczącego
_bn
_2rdamedia
338 _aWolumin
_bnc
_2rdacarrier
380 _aKsiążki
380 _aPublikacje dydaktyczne
380 _aPublikacje naukowe
385 _mPoziom nauczania
_aSzkoły wyższe
388 1 _a1901-2000
388 1 _a1945-1989
504 _aBibliografia na stronach 629-[631]. Indeks.
521 8 _aKsiążka jest przeznaczona dla studentów politechnik oraz jako pomoc dla inżynierów konstruktorów i technologów.
650 7 _aWytrzymałość materiałów
_2DBN
655 7 _aPodręczniki akademickie
_2DBN
658 _aInżynieria i technika
700 1 _aJakubowicz, Antoni
_d(?-1999)
_eAutor
700 1 _aOrłoś, Zbigniew
_d(1921-2014)
_eAutor
710 2 _aWydawnictwa Naukowo-Techniczne
_4pbl
856 _uhttps://koha.tu.koszalin.pl/cgi-bin/koha/opac-detail.pl?biblionumber=2319
_yKatalog online BPK
942 _2UKD
_cKS
999 _c2319
_d2319